00354nam a2200121Ia 4500008004100000020001800041082001900059100001900078245007100097260001800168300001500186650003100201220501s2021 xx 000 0 eng d a9789390168408 a658.4012 UPP-H aUppal, Nishant 0aHuman Resource Analytics: strategic decision makingcNishant Uppal bPearsonc2021 axiv, 348p. aHuman Resource - Analytics